000
00203nam a2200097Ia 4500
008
190216s9999||||xx |||||||||||||| ||und||
100
_a
Gopinath C G
245
0
_a
Agnigolam
260
_b
Null
942
_c
BK
999
_c
23570
_d
23570